[Event "European Women-ch 2023"]
[Site "Petrovac"]
[Date "2023.03.20"]
[Round "3.8"]
[White "Makropoulou, Marina"]
[Black "Daulyte-Cornette, Deimante"]
[Result "0-1"]
[WhiteElo "2102"]
[BlackElo "2344"]
[Annotator "TA"]
[PlyCount "108"]
[EventDate "2023.03.15"]
[EventType "swiss"]
[EventCountry "MNE"]
[SourceTitle "playchess.com"]
[Source "ChessBase"]
[SourceQuality "1"]

1. e4 c5 2. Nf3 e6 3. d4 cxd4 4. Nxd4 Nf6 5. Bd3 Nc6 6. Nxc6 bxc6 7. O-O d5 8. exd5 cxd5 9. c4 Bd6 10. Qe2 O-O 11. Nc3 dxc4 12. Bxc4 Bb7 13. Bg5 Qc7 14. Bxf6 Bxh2+ 15. Kh1 gxf6 16. Ba6 Bxa6 17. Qxa6 Be5 18. Rac1 f5 19. Qe2 Bg7 20. Qf3 Rab8 21. b3 Qa5 22. Rfd1 Rfc8 23. Na4 Rxc1 24. Rxc1 Qd2 25. Rc4 Qxa2 26. Nc5 Qd2 27. g3 Rd8 28. Kg2 Qd5 29. Qxd5 Rxd5 30. Nb7 Rb5 31. Rc8+ Bf8 32. Nd8 Rxb3 33. Rc7 a5 34. Nxf7 a4 35. Ng5 Rb6 36. Nxh7 Bg7 37. Ng5 Ra6 38. Rc8+ Bf8 39. Rc2 a3 40. Ra2 Kg7 41. Nf3 Kf6 42. Kf1 e5 43. Ke2 Ke6 44. Nd2 Bb4 45. Nc4 Kd5 46. Ne3+ Kc5 47. Kd3 Rd6+ 48. Kc2 f4 49. gxf4 exf4 50. Ng2 Rd4 51. Kb3 Rd3+ 52. Ka4 Kc4 53. Nxf4 Rd8 54. Rc2+ Bc3 0-1

[Event "European Women-ch 2023"]
[Site "Petrovac"]
[Date "2023.03.20"]
[Round "3.9"]
[White "Heinemann, Josefine"]
[Black "Dylag, Emilia"]
[Result "1-0"]
[WhiteElo "2343"]
[BlackElo "2052"]
[Annotator "TA"]
[PlyCount "93"]
[EventDate "2023.03.15"]
[EventType "swiss"]
[EventCountry "MNE"]
[SourceTitle "playchess.com"]
[Source "ChessBase"]
[SourceQuality "1"]

1. e4 e5 2. Nf3 Nc6 3. Bb5 a6 4. Ba4 Nf6 5. O-O b5 6. Bb3 Be7 7. Re1 O-O 8. a4 Bb7 9. Nc3 b4 10. Nd5 Na5 11. Ba2 b3 12. Nxf6+ Bxf6 13. cxb3 d5 14. d4 dxe4 15. Nxe5 c5 16. Be3 Rc8 17. b4 cxb4 18. Qg4 b3 19. Bb1 Bxe5 20. dxe5 f5 21. exf6 Qxf6 22. Bxe4 Rc4 23. f3 Bxe4 24. fxe4 Qe5 25. Bb6 Nc6 26. Rad1 Nd4 27. Qd7 Nc2 28. Rf1 Rcc8 29. Rxf8+ Rxf8 30. Qd5+ Qxd5 31. exd5 Rf7 32. d6 Rd7 33. Bc5 Kf7 34. Rd3 Na1 35. Re3 Rb7 36. Kf2 Nc2 37. Re7+ Rxe7 38. dxe7 h5 39. h4 Ke8 40. Ke2 Kf7 41. Kd2 g6 42. g3 Ke8 43. Kc3 Ne1 44. Kxb3 Nd3 45. Bd6 Nf2 46. Kc4 Ne4 47. Kd5 1-0

[Event "European Women-ch 2023"]
[Site "Petrovac"]
[Date "2023.03.20"]
[Round "3.9"]
[White "Klek, Hanna Marie"]
[Black "Garifullina, Leya"]
[Result "1/2-1/2"]
[WhiteElo "2314"]
[BlackElo "2372"]
[Annotator "TA"]
[PlyCount "64"]
[EventDate "2023.03.15"]
[EventType "swiss"]
[EventCountry "MNE"]
[SourceTitle "playchess.com"]
[Source "ChessBase"]
[SourceQuality "1"]

1. e4 c5 2. Nf3 d6 3. d4 cxd4 4. Nxd4 Nf6 5. Nc3 a6 6. Be2 e5 7. Nb3 Be7 8. h4 Be6 9. f4 h6 10. f5 Bd7 11. Qd3 Bc6 12. Bf3 b5 13. a3 Nbd7 14. Bd2 h5 15. O-O-O Rc8 16. Kb1 Qc7 17. Rc1 Nb6 18. Na5 Ba8 19. Rhd1 Nbd7 20. Nb3 Qb8 21. Qe2 Bd8 22. Be1 Nb6 23. Rd3 Nc4 24. Nd5 Bxd5 25. exd5 Kd7 26. Be4 Bb6 27. Rg3 Rh7 28. Ka2 Qa7 29. Bd2 Bf2 30. Rh3 Bb6 31. Rg3 Bg1 32. Rf1 Bb6 1/2-1/2

[Event "European Women-ch 2023"]
[Site "Petrovac"]
[Date "2023.03.20"]
[Round "3.9"]
[White "Manova, Ivana"]
[Black "Shpanko, Nadiia"]
[Result "1/2-1/2"]
[WhiteElo "1923"]
[BlackElo "2164"]
[Annotator "TA"]
[PlyCount "108"]
[EventDate "2023.03.15"]
[EventType "swiss"]
[EventCountry "MNE"]
[SourceTitle "playchess.com"]
[Source "ChessBase"]
[SourceQuality "1"]

1. e4 c6 2. Nc3 d5 3. Nf3 dxe4 4. Nxe4 Nf6 5. Nxf6+ exf6 6. d4 Bd6 7. Bd3 O-O 8. O-O Bg4 9. h3 Bh5 10. c3 Re8 11. g4 Bg6 12. Nh4 Bxd3 13. Qxd3 Nd7 14. Bd2 Nc5 15. Qc2 Ne6 16. Rae1 Qc7 17. Ng2 Ng5 18. Bxg5 fxg5 19. Re4 Rxe4 20. Qxe4 Qa5 21. a3 Qb5 22. Ne3 Bf4 23. Re1 g6 24. b4 Qa4 25. Nc4 Qb3 26. Qd3 b5 27. Na5 Qd5 28. c4 bxc4 29. Qxc4 Qxc4 30. Nxc4 Rd8 31. Rd1 Bc7 32. Kg2 Bb6 33. Nxb6 axb6 34. Kf3 f5 35. a4 Ra8 36. Ra1 Kf7 37. a5 bxa5 38. Rxa5 Rb8 39. gxf5 Rxb4 40. fxg6+ Kxg6 41. Ke4 Rc4 42. Ke5 Rc2 43. Rc5 Re2+ 44. Kd6 Rxf2 45. Rxc6 Rf6+ 46. Kd7 Rxc6 47. Kxc6 h5 48. d5 g4 49. hxg4 h4 50. d6 h3 51. d7 h2 52. d8=Q h1=Q+ 53. Kb5 Qb1+ 54. Kc6 Qe4+ 1/2-1/2

[Event "European Women-ch 2023"]
[Site "Petrovac"]
[Date "2023.03.20"]
[Round "3.10"]
[White "Khotenashvili, Bela"]
[Black "Hajiyeva, Laman"]
[Result "1-0"]
[WhiteElo "2491"]
[BlackElo "2118"]
[Annotator "TA"]
[PlyCount "145"]
[EventDate "2023.03.15"]
[EventType "swiss"]
[EventCountry "MNE"]
[SourceTitle "playchess.com"]
[Source "ChessBase"]
[SourceQuality "1"]

1. c4 c6 2. Nf3 d5 3. e3 Nf6 4. Nc3 e6 5. b3 Bd6 6. Bb2 O-O 7. Be2 a6 8. d4 Nbd7 9. O-O b5 10. Qc2 Bb7 11. c5 Bc7 12. b4 a5 13. a3 Qe7 14. Rfe1 Rac8 15. Bd3 h6 16. e4 dxe4 17. Bxe4 Nxe4 18. Nxe4 a4 19. Ne5 Rfe8 20. Rad1 Nf8 21. Ng3 Rcd8 22. Rd3 f6 23. Nf3 Qf7 24. Rde3 Rd5 25. Ne2 Qh5 26. Nc3 Rdd8 27. h3 Qf7 28. Bc1 Ng6 29. Re4 e5 30. dxe5 Nxe5 31. Nxe5 Bxe5 32. Qe2 Kf8 33. Nd1 Bc8 34. Re3 Be6 35. Bb2 Bc4 36. Qg4 Be6 37. Qe4 Bxb2 38. Nxb2 Bd5 39. Qf5 Rxe3 40. Rxe3 Re8 41. Nd1 Rd8 42. Nc3 Qd7 43. Qf4 Qf7 44. Rd3 Qg6 45. Rg3 Qe8 46. Qg4 Qd7 47. Qf4 Qe8 48. Kh2 Qf7 49. Rd3 Qg6 50. Qg3 Qf5 51. Re3 Qd7 52. Qf4 Qf7 53. h4 Kg8 54. Qf5 Kf8 55. h5 Qc7+ 56. Rg3 Qd7 57. Qg6 Qf7 58. Rd3 Qxg6 59. hxg6 Ke7 60. Nxd5+ cxd5 61. Re3+ Kd7 62. Kg1 Rf8 63. Kf1 f5 64. Re5 Rf6 65. Rxd5+ Kc6 66. Rd8 Rxg6 67. Rb8 Rg4 68. Rb6+ Kd5 69. Rxb5 Kc4 70. Ra5 Kb3 71. c6 Re4 72. c7 Re8 73. b5 1-0

[Event "European Women-ch 2023"]
[Site "Petrovac"]
[Date "2023.03.20"]
[Round "3.10"]
[White "Ibrahimova, Sabina"]
[Black "Efroimski, Marsel"]
[Result "0-1"]
[WhiteElo "2207"]
[BlackElo "2451"]
[Annotator "TA"]
[PlyCount "112"]
[EventDate "2023.03.15"]
[EventType "swiss"]
[EventCountry "MNE"]
[SourceTitle "playchess.com"]
[Source "ChessBase"]
[SourceQuality "1"]

1. e4 c5 2. Nf3 d6 3. d4 cxd4 4. Nxd4 Nf6 5. Nc3 Nc6 6. Bc4 e6 7. O-O Be7 8. Nb3 O-O 9. Bd3 a6 10. f4 b5 11. a3 Qc7 12. Kh1 Bb7 13. Qe2 Rfe8 14. Bd2 Bf8 15. Rae1 Nd7 16. Rf3 Nc5 17. Qf2 Nxd3 18. cxd3 f5 19. Rh3 Qf7 20. Qh4 h6 21. Qf2 e5 22. Nd5 exf4 23. Bxf4 Ne5 24. Bxe5 Bxd5 25. exd5 dxe5 26. Nd2 Rad8 27. Rf1 f4 28. Ne4 Rxd5 29. Rf3 Red8 30. Qe2 Qd7 31. Rd1 Rd4 32. h3 Qc7 33. g3 Rc8 34. gxf4 exf4 35. Rg1 Qe5 36. Qf2 Rxe4 37. dxe4 Qxe4 38. Re1 Qd5 39. Qe2 Re8 40. Qxe8 Qxf3+ 41. Kg1 Qg3+ 42. Kf1 Qxh3+ 43. Ke2 Qf5 44. Kf3 Qh3+ 45. Kxf4 Qh2+ 46. Ke3 Qxb2 47. Rf1 Qxa3+ 48. Kd2 Qe7 49. Qa8 Qb4+ 50. Ke2 Qc4+ 51. Ke1 Qe6+ 52. Kd2 Qd6+ 53. Kc2 b4 54. Rf5 b3+ 55. Kxb3 Qd3+ 56. Ka4 Qa3# 0-1

[Event "European Women-ch 2023"]
[Site "Petrovac"]
[Date "2023.03.20"]
[Round "3.10"]
[White "Petrovska, Katerina"]
[Black "Gaboyan, Susanna"]
[Result "0-1"]
[WhiteElo "1907"]
[BlackElo "2160"]
[Annotator "TA"]
[PlyCount "108"]
[EventDate "2023.03.15"]
[EventType "swiss"]
[EventCountry "MNE"]
[SourceTitle "playchess.com"]
[Source "ChessBase"]
[SourceQuality "1"]

1. e4 c5 2. Nf3 Nc6 3. Nc3 Nf6 4. Bb5 Qc7 5. O-O a6 6. Bxc6 Qxc6 7. e5 Nd5 8. Nxd5 Qxd5 9. d4 c4 10. Re1 b5 11. Ng5 Bb7 12. Ne4 e6 13. f3 Be7 14. Be3 f5 15. Nc3 Qc6 16. d5 exd5 17. Qd4 b4 18. Ne2 O-O 19. Rad1 d6 20. exd6 Qxd6 21. Nf4 Rfd8 22. Nh5 Qg6 23. Bh6 Bf8 24. Bxg7 Qxh5 25. Bxf8 Rxf8 26. Re7 Rf7 27. Rde1 Raf8 28. Qb6 Bc8 29. Qc7 f4 30. Qc5 Rxe7 31. Rxe7 Re8 32. Rxe8+ Qxe8 33. Qxd5+ Be6 34. Qg5+ Qg6 35. Qxf4 Kg7 36. Qc7+ Bf7 37. Qc5 b3 38. axb3 cxb3 39. Qd4+ Qf6 40. Qg4+ Kh8 41. Qc8+ Bg8 42. cxb3 Qd4+ 43. Kf1 a5 44. Qc2 Be6 45. Qe4 Qxe4 46. fxe4 Kg7 47. Kf2 Kf6 48. Ke3 Ke5 49. h3 Bxb3 50. g4 Bc2 51. h4 Bxe4 52. g5 Bg6 53. Kf3 Kf5 54. Kg3 Bh5 0-1

[Event "European Women-ch 2023"]
[Site "Petrovac"]
[Date "2023.03.20"]
[Round "3.11"]
[White "Arabidze, Meri"]
[Black "Richterova, Natasa"]
[Result "1-0"]
[WhiteElo "2433"]
[BlackElo "2190"]
[Annotator "TA"]
[PlyCount "65"]
[EventDate "2023.03.15"]
[EventType "swiss"]
[EventCountry "MNE"]
[SourceTitle "playchess.com"]
[Source "ChessBase"]
[SourceQuality "1"]

1. d4 d5 2. c4 c6 3. Nf3 Nf6 4. g3 e6 5. Bg2 Nbd7 6. Qc2 Bb4+ 7. Nbd2 O-O 8. O-O Re8 9. e4 dxe4 10. Nxe4 Nxe4 11. Qxe4 c5 12. a3 Ba5 13. Rd1 cxd4 14. Nxd4 a6 15. b4 Bc7 16. Bb2 Qe7 17. Qc2 Be5 18. Re1 Bf6 19. Rad1 Qf8 20. c5 Rb8 21. Bc1 g6 22. Nb3 Bg7 23. Na5 Bh6 24. Bb2 Bg7 25. Bxg7 Qxg7 26. c6 bxc6 27. Nxc6 Qf8 28. Nxb8 Nxb8 29. Qc7 Bd7 30. Rxd7 Nxd7 31. Qxd7 Rd8 32. Qc6 Rd6 33. Qa8 1-0

[Event "European Women-ch 2023"]
[Site "Petrovac"]
[Date "2023.03.20"]
[Round "3.11"]
[White "Zhukova, Natalia"]
[Black "Gunina, Valentina"]
[Result "1/2-1/2"]
[WhiteElo "2322"]
[BlackElo "2478"]
[Annotator "TA"]
[PlyCount "54"]
[EventDate "2023.03.15"]
[EventType "swiss"]
[EventCountry "MNE"]
[SourceTitle "playchess.com"]
[Source "ChessBase"]
[SourceQuality "1"]

1. d4 d5 2. c4 c6 3. Nc3 Nf6 4. e3 Bf5 5. cxd5 cxd5 6. Qb3 Nc6 7. Qb4 b6 8. Qxb6 Be6 9. Qb7 Bd7 10. Qb3 Rb8 11. Qd1 e5 12. dxe5 Nxe5 13. Nge2 Bc5 14. Nf4 Bc6 15. Be2 O-O 16. O-O Re8 17. a4 d4 18. exd4 Bxd4 19. Nb5 Bb6 20. Be3 Bxe3 21. fxe3 Qe7 22. Qd4 a6 23. Nd6 Red8 24. Nf5 Qe8 25. Nd6 Qe7 26. Nf5 Qe8 27. Nd6 Qe7 1/2-1/2

[Event "European Women-ch 2023"]
[Site "Petrovac"]
[Date "2023.03.20"]
[Round "3.11"]
[White "Buchholz, Maja Patricia"]
[Black "Ivekovic, Tihana"]
[Result "0-1"]
[WhiteElo "1883"]
[BlackElo "2132"]
[Annotator "TA"]
[PlyCount "76"]
[EventDate "2023.03.15"]
[EventType "swiss"]
[EventCountry "MNE"]
[SourceTitle "playchess.com"]
[Source "ChessBase"]
[SourceQuality "1"]

1. c4 Nf6 2. g3 e6 3. Bg2 d5 4. Nf3 d4 5. d3 c5 6. e4 Nc6 7. e5 Nd7 8. Qe2 a6 9. Bf4 Be7 10. h4 h6 11. Nbd2 Qc7 12. a3 Rb8 13. Ne4 Qa5+ 14. Bd2 Qc7 15. Bf4 b5 16. b3 bxc4 17. bxc4 Qa5+ 18. Qd2 Qa4 19. O-O Na5 20. Ra2 Bb7 21. Qe2 O-O 22. Nfd2 Nc6 23. Qh5 Nb4 24. Rb2 Nxd3 25. Rxb7 Nxf4 26. gxf4 Rxb7 27. Nf6+ Bxf6 28. Bxb7 Be7 29. Be4 Qa5 30. Nf3 f5 31. exf6 Nxf6 32. Qg6 Qc7 33. Ne5 Bd6 34. Rb1 Nxe4 35. Qxe6+ Kh7 36. Qg6+ Kh8 37. Qxe4 Bxe5 38. Rb7 Rxf4 0-1

[Event "European Women-ch 2023"]
[Site "Petrovac"]
[Date "2023.03.20"]
[Round "3.12"]
[White "Mammadzada, Gunay"]
[Black "Unuk, Laura"]
[Result "1-0"]
[WhiteElo "2472"]
[BlackElo "2297"]
[Annotator "TA"]
[PlyCount "93"]
[EventDate "2023.03.15"]
[EventType "swiss"]
[EventCountry "MNE"]
[SourceTitle "playchess.com"]
[Source "ChessBase"]
[SourceQuality "1"]

1. e4 e5 2. Nf3 Nc6 3. Bb5 a6 4. Ba4 d6 5. c3 f5 6. exf5 Bxf5 7. d4 e4 8. Bg5 Be7 9. Nh4 Be6 10. Bxe7 Qxe7 11. d5 Qxh4 12. dxc6 b5 13. Bb3 Qe7 14. O-O Nf6 15. f3 Bxb3 16. Qxb3 d5 17. Nd2 e3 18. Rfe1 O-O-O 19. Nf1 e2 20. Ng3 Qc5+ 21. Kh1 Qxc6 22. Nxe2 Rhe8 23. a4 Qc4 24. Qc2 Kb7 25. Qd2 bxa4 26. h3 h6 27. Qd1 Qb3 28. Qd2 Qc4 29. Nd4 Rxe1+ 30. Qxe1 Re8 31. Qd1 a3 32. Rxa3 Nh5 33. Ra4 Ng3+ 34. Kg1 Qc5 35. Qb3+ Kc8 36. Rxa6 Ne2+ 37. Kh2 Nxd4 38. cxd4 Qc4 39. Qxc4 dxc4 40. Ra8+ Kd7 41. Rxe8 Kxe8 42. Kg3 Ke7 43. Kf4 Ke6 44. Ke4 c6 45. f4 Kf6 46. f5 Kg5 47. Ke5 1-0

[Event "European Women-ch 2023"]
[Site "Petrovac"]
[Date "2023.03.20"]
[Round "3.12"]
[White "Zherebtsova, Alexandra"]
[Black "Zawadzka, Jolanta"]
[Result "0-1"]
[WhiteElo "2155"]
[BlackElo "2391"]
[Annotator "TA"]
[PlyCount "140"]
[EventDate "2023.03.15"]
[EventType "swiss"]
[EventCountry "MNE"]
[SourceTitle "playchess.com"]
[Source "ChessBase"]
[SourceQuality "1"]

1. c4 c5 2. Nf3 Nc6 3. Nc3 Nf6 4. g3 g6 5. Bg2 Bg7 6. O-O O-O 7. d4 cxd4 8. Nxd4 Nxd4 9. Qxd4 d6 10. Qh4 Qb6 11. Rb1 Be6 12. Be3 Qa6 13. Nb5 Rfc8 14. b3 Bd7 15. a4 Bc6 16. Bh3 b6 17. Bxc8 Qxc8 18. Bh6 Bh8 19. f3 Bb7 20. Rbd1 a6 21. Nd4 e5 22. Nc2 d5 23. Ne3 d4 24. Bg5 Qe6 25. Nc2 Nd7 26. e3 f6 27. Bh6 g5 28. Qg4 Qxg4 29. fxg4 Be4 30. Nb4 a5 31. Nd5 Bc2 32. Rc1 d3 33. h4 Nc5 34. hxg5 Nxb3 35. gxf6 Kf7 36. e4 Rg8 37. Ne3 Nxc1 38. Nxc2 Ne2+ 39. Kf2 Rxg4 40. Ne3 Rg6 41. Nf5 Nxg3 42. Nxg3 Rxh6 43. Rd1 Bxf6 44. Kg2 Bg5 45. Nf5 Rc6 46. Rxd3 Kf6 47. Kf3 h5 48. Rb3 Bd2 49. Rb2 Bc3 50. Rc2 Bd4 51. Nxd4 exd4 52. Kf4 Ke7 53. Rb2 Rf6+ 54. Ke5 d3 55. c5 Re6+ 56. Kd4 bxc5+ 57. Kxd3 Kd6 58. Rb6+ Ke5 59. Rb5 Rc6 60. Ke3 h4 61. Rxa5 h3 62. Rb5 h2 63. Rb1 Rh6 64. Rh1 Rh3+ 65. Kf2 c4 66. Kg2 Rh7 67. a5 c3 68. a6 c2 69. Kf3 c1=Q 70. Rxc1 h1=Q+ 0-1

[Event "European Women-ch 2023"]
[Site "Petrovac"]
[Date "2023.03.20"]
[Round "3.12"]
[White "Bakalarz, Grazyna"]
[Black "Hrescak, Ivana"]
[Result "1/2-1/2"]
[WhiteElo "1847"]
[BlackElo "2127"]
[Annotator "TA"]
[PlyCount "99"]
[EventDate "2023.03.15"]
[EventType "swiss"]
[EventCountry "MNE"]
[SourceTitle "playchess.com"]
[Source "ChessBase"]
[SourceQuality "1"]

1. e4 c5 2. c3 d5 3. exd5 Qxd5 4. d4 Nf6 5. Na3 a6 6. Nf3 Bg4 7. dxc5 Qxc5 8. h3 Bxf3 9. Qxf3 Nc6 10. Be3 Qd5 11. Qxd5 Nxd5 12. Bg5 e6 13. Nc4 Be7 14. Bd2 Rd8 15. Be2 b5 16. Ne3 Nf4 17. g3 Nxe2 18. Kxe2 Ne5 19. Rhd1 Bc5 20. a4 Ke7 21. axb5 axb5 22. f4 Nc6 23. Ra6 Rd6 24. b4 Bxe3 25. Bxe3 Nd4+ 26. Bxd4 Rxa6 27. Bc5+ Kf6 28. Rd7 Ra2+ 29. Kd3 Rg2 30. Bd4+ Kg6 31. g4 f6 32. Ke4 Rg3 33. f5+ exf5+ 34. gxf5+ Kh5 35. Kf4 Rg5 36. Rb7 Kh4 37. Rxg7 Rxg7 38. Bxf6+ Kh5 39. Bxg7 Rc8 40. h4 Re8 41. Be5 Rc8 42. f6 Kg6 43. Ke4 Rd8 44. Bd4 Kf7 45. Ke5 Rd7 46. Kf5 Rd5+ 47. Be5 Rd7 48. Bd4 Rd5+ 49. Be5 Rd7 50. Bd4 1/2-1/2

[Event "European Women-ch 2023"]
[Site "Petrovac"]
[Date "2023.03.20"]
[Round "3.13"]
[White "Osmak, Yuliia"]
[Black "Ovod, Evgenija"]
[Result "1-0"]
[WhiteElo "2445"]
[BlackElo "2305"]
[Annotator "TA"]
[PlyCount "131"]
[EventDate "2023.03.15"]
[EventType "swiss"]
[EventCountry "MNE"]
[SourceTitle "playchess.com"]
[Source "ChessBase"]
[SourceQuality "1"]

1. d4 d5 2. c4 e6 3. Nc3 Be7 4. cxd5 exd5 5. Bf4 c6 6. e3 Bf5 7. Nge2 Nd7 8. Ng3 Bg6 9. Be2 Qb6 10. Qd2 Ngf6 11. h4 h5 12. Rc1 O-O 13. O-O Nh7 14. Nxh5 Bxh4 15. Bd6 Rfe8 16. Nf4 Bf5 17. g4 Be6 18. Ng2 Be7 19. Bxe7 Rxe7 20. f4 f6 21. Kf2 g5 22. Rh1 Rg7 23. f5 Bf7 24. Ne1 Nhf8 25. Nd3 Rh7 26. Bf3 Kg7 27. Kg2 Re8 28. b4 Qd8 29. Rxh7+ Nxh7 30. Nc5 Nxc5 31. bxc5 Nf8 32. e4 Nd7 33. exd5 cxd5 34. Nb5 Rh8 35. Nd6 Qc7 36. Rh1 Rxh1 37. Kxh1 Nb8 38. Qg2 Qe7 39. Nxf7 Qe1+ 40. Kh2 Qh4+ 41. Qh3 Qf2+ 42. Bg2 Nc6 43. Qg3 Qxd4 44. Qc7 Kf8 45. Nd8 Nxd8 46. Qxd8+ Kg7 47. Qxd5 Qf4+ 48. Kh3 Qf2 49. Kh2 Qh4+ 50. Kg1 Qe1+ 51. Bf1 Qe3+ 52. Kg2 Kh6 53. Qe6 Qd4 54. Be2 Qb2 55. Qe8 Kg7 56. Kf3 Qa3+ 57. Qe3 Qxa2 58. Qe7+ Kg8 59. Qe6+ Qxe6 60. fxe6 Kf8 61. Ke4 Ke7 62. Kf5 a6 63. Bf3 a5 64. Bxb7 a4 65. Bd5 a3 66. Ba2 1-0

[Event "European Women-ch 2023"]
[Site "Petrovac"]
[Date "2023.03.20"]
[Round "3.13"]
[White "Spalir, Monika"]
[Black "Golsta, Ramona"]
[Result "0-1"]
[WhiteElo "2125"]
[BlackElo "1760"]
[Annotator "TA"]
[PlyCount "116"]
[EventDate "2023.03.15"]
[EventType "swiss"]
[EventCountry "MNE"]
[SourceTitle "playchess.com"]
[Source "ChessBase"]
[SourceQuality "1"]

1. e4 c5 2. Nf3 Nc6 3. d4 cxd4 4. Nxd4 Nf6 5. Nc3 e5 6. Ndb5 d6 7. Bg5 a6 8. Na3 b5 9. Nd5 Be7 10. Bxf6 Bxf6 11. c4 b4 12. Nc2 Rb8 13. Qd3 Bg5 14. g3 h5 15. h4 Bh6 16. Bg2 O-O 17. O-O Be6 18. Rfd1 a5 19. b3 g6 20. Nde3 Qb6 21. Qf1 Rfd8 22. Bh3 Nd4 23. Nxd4 exd4 24. Nd5 Bxd5 25. cxd5 Rb7 26. Rd3 Rc7 27. g4 hxg4 28. Bxg4 Re8 29. Qg2 Rc2 30. h5 Be3 31. hxg6 Rxf2 32. gxf7+ Kxf7 33. Rf1 Rxf1+ 34. Kxf1 Ke7 35. Bf5 Kd8 36. Rd1 Qb5+ 37. Qe2 Qxe2+ 38. Kxe2 Rh8 39. Kd3 Rh2 40. Kc4 Rxa2 41. Kb5 Ke7 42. e5 dxe5 43. Kc6 Kf6 44. Rf1 Rf2 45. Rxf2 Bxf2 46. Bh7 Kg5 47. d6 Kf4 48. Kd5 Bh4 49. d7 Ke3 50. Kxe5 d3 51. Bg6 Ke2 52. Kd4 d2 53. Kc4 d1=Q 54. Bh5+ Kd2 55. Kb5 Qxh5+ 56. Ka4 Qf3 57. Kb5 Qd5+ 58. Ka4 Qxd7+ 0-1

[Event "European Women-ch 2023"]
[Site "Petrovac"]
[Date "2023.03.20"]
[Round "3.13"]
[White "Petrova, Irina"]
[Black "Guichard, Pauline"]
[Result "0-1"]
[WhiteElo "2123"]
[BlackElo "2379"]
[Annotator "TA"]
[PlyCount "148"]
[EventDate "2023.03.15"]
[EventType "swiss"]
[EventCountry "MNE"]
[SourceTitle "playchess.com"]
[Source "ChessBase"]
[SourceQuality "1"]

1. e4 e5 2. Nf3 Nc6 3. Bc4 Nf6 4. d3 d5 5. exd5 Nxd5 6. O-O Be7 7. Re1 f6 8. d4 Nb6 9. Bb5 O-O 10. dxe5 Qxd1 11. Rxd1 Nxe5 12. Nxe5 fxe5 13. Nc3 Bg4 14. Re1 Bh4 15. Be3 Bf5 16. Na4 Bxc2 17. Nxb6 cxb6 18. Bc4+ Kh8 19. Bd5 Bd3 20. Bxb7 Rab8 21. Bd5 Rfd8 22. Bb3 e4 23. Bf4 Rbc8 24. Be5 Rc5 25. Bc3 Rf5 26. g3 Be7 27. Be6 Rff8 28. b4 Rd6 29. Bb3 Rc6 30. Bd2 h6 31. Rac1 Rcf6 32. Rc7 Rxf2 33. Bf4 R2xf4 34. gxf4 Bxb4 35. Rec1 Bc5+ 36. Kg2 Rxf4 37. Bc4 Rf2+ 38. Kg3 Rf3+ 39. Kg4 Rf2 40. Rxa7 Rxh2 41. a4 Kh7 42. Ra8 Kg6 43. Rd8 Rd2 44. Bxd3 exd3 45. a5 Rc2 46. Ra1 bxa5 47. Rxa5 d2 48. Kf3 Kh7 49. Ra4 Rc3+ 50. Ke2 Be3 51. Re4 Bg5 52. Rd7 Rc1 53. Red4 Re1+ 54. Kf3 Rf1+ 55. Kg4 Rg1+ 56. Kf3 h5 57. Kf2 Re1 58. R4d5 Kh6 59. Kg2 h4 60. Rd3 Kh5 61. R7d5 Kg4 62. R5d4+ Bf4 63. Kf2 h3 64. Rg3+ Kf5 65. Rf3 g5 66. Rxd2 h2 67. Rd5+ Ke4 68. Rfd3 Be5 69. Rd8 Rf1+ 70. Kxf1 h1=Q+ 71. Ke2 Qg2+ 72. Ke1 g4 73. Kd1 Qf1+ 74. Kc2 g3 0-1

[Event "European Women-ch 2023"]
[Site "Petrovac"]
[Date "2023.03.20"]
[Round "3.14"]
[White "Danielian, Elina"]
[Black "Krasteva, Beloslava"]
[Result "1-0"]
[WhiteElo "2431"]
[BlackElo "2292"]
[Annotator "TA"]
[PlyCount "88"]
[EventDate "2023.03.15"]
[EventType "swiss"]
[EventCountry "MNE"]
[SourceTitle "playchess.com"]
[Source "ChessBase"]
[SourceQuality "1"]

1. d4 Nf6 2. c4 e6 3. Nf3 b6 4. g3 Bb7 5. Bg2 Be7 6. O-O O-O 7. Re1 Ne4 8. Nfd2 d5 9. cxd5 exd5 10. Nxe4 dxe4 11. Nc3 f5 12. Bf4 Nc6 13. Qb3+ Kh8 14. Red1 Bd6 15. Bxd6 Qxd6 16. Nb5 Qd7 17. Rac1 Ba6 18. a4 Na5 19. Qb4 Nc6 20. Qc3 Bxb5 21. axb5 Na5 22. Qxc7 Qxb5 23. e3 Qd5 24. Bf1 Rf7 25. Qf4 Qd7 26. Rc3 Nb7 27. Rdc1 Nd6 28. Rc7 Qe6 29. R7c6 Rd7 30. Ba6 Qe7 31. h4 h6 32. h5 Rf8 33. Qe5 Qxe5 34. dxe5 Ne8 35. Rc8 Re7 36. Ra8 Rxe5 37. Rcc8 b5 38. Rab8 Kg8 39. Bxb5 Kf7 40. Bc4+ Kf6 41. Kg2 Ke7 42. Rb7+ Kd6 43. Bb5 Rg8 44. Rc6+ Kd5 1-0

[Event "European Women-ch 2023"]
[Site "Petrovac"]
[Date "2023.03.20"]
[Round "3.14"]
[White "Balajayeva, Khanim"]
[Black "Lehaci, Miruna-Daria"]
[Result "1-0"]
[WhiteElo "2372"]
[BlackElo "2202"]
[Annotator "TA"]
[PlyCount "73"]
[EventDate "2023.03.15"]
[EventType "swiss"]
[EventCountry "MNE"]
[SourceTitle "playchess.com"]
[Source "ChessBase"]
[SourceQuality "1"]

1. c4 e6 2. Nc3 d5 3. d4 a6 4. cxd5 exd5 5. Bf4 Nf6 6. e3 c5 7. Nge2 Nc6 8. g3 cxd4 9. Nxd4 Bg4 10. Be2 Bxe2 11. Ncxe2 Bb4+ 12. Kf1 O-O 13. Kg2 Qe7 14. Rc1 Nd8 15. Qa4 Nh5 16. a3 Bd2 17. Rcd1 b5 18. Nxb5 Qb7 19. Nbd4 Nxf4+ 20. gxf4 Qxb2 21. Rb1 Qa2 22. Qb3 Qxb3 23. Nxb3 d4 24. Nxd2 dxe3 25. fxe3 Re8 26. Kf3 Ne6 27. Nb3 a5 28. Ned4 Nc7 29. Rbc1 Nd5 30. Rhe1 Nf6 31. a4 Ne4 32. Nc5 Nd6 33. Nb5 Nxb5 34. axb5 a4 35. b6 Ra5 36. b7 a3 37. Nd7 1-0

[Event "European Women-ch 2023"]
[Site "Petrovac"]
[Date "2023.03.20"]
[Round "3.14"]
[White "Goriachkina, Oksana"]
[Black "Allahverdiyeva, Ayan"]
[Result "0-1"]
[WhiteElo "1759"]
[BlackElo "2124"]
[Annotator "TA"]
[PlyCount "88"]
[EventDate "2023.03.15"]
[EventType "swiss"]
[EventCountry "MNE"]
[SourceTitle "playchess.com"]
[Source "ChessBase"]
[SourceQuality "1"]

1. d4 Nf6 2. c4 e6 3. Nf3 b6 4. g3 Ba6 5. Qc2 c5 6. d5 exd5 7. cxd5 Bb7 8. Bg2 Nxd5 9. O-O Be7 10. Rd1 Nc6 11. a3 Nc7 12. e4 d6 13. Nc3 O-O 14. Bf4 Ne6 15. Be3 Re8 16. Nd5 Bf8 17. Qd2 Nc7 18. Nc3 Qc8 19. Qc2 Ne5 20. Nh4 g6 21. Qc1 Qe6 22. Bh6 Bxh6 23. Qxh6 Rad8 24. Qf4 Qe7 25. Nf3 Ne6 26. Qe3 Nxf3+ 27. Qxf3 Nd4 28. Qd3 Bc6 29. a4 Qe6 30. h4 h5 31. Kh2 Re7 32. f3 Rde8 33. Ne2 Nxe2 34. Qxe2 d5 35. Qd2 dxe4 36. fxe4 Bxe4 37. Re1 Qc6 38. Bxe4 Rxe4 39. Rxe4 Qxe4 40. Kg1 Qe3+ 41. Qf2 a5 42. Rf1 Qxf2+ 43. Kxf2 Re4 44. Ra1 Rb4 0-1

[Event "European Women-ch 2023"]
[Site "Petrovac"]
[Date "2023.03.20"]
[Round "3.15"]
[White "Koridze, Lile"]
[Black "Sargsyan, Anna M."]
[Result "1/2-1/2"]
[WhiteElo "2122"]
[BlackElo "2371"]
[Annotator "TA"]
[PlyCount "53"]
[EventDate "2023.03.15"]
[EventType "swiss"]
[EventCountry "MNE"]
[SourceTitle "playchess.com"]
[Source "ChessBase"]
[SourceQuality "1"]

1. d4 Nf6 2. c4 g6 3. Nc3 d5 4. cxd5 Nxd5 5. Bd2 Bg7 6. e4 Nxc3 7. Bxc3 O-O 8. Qd2 c6 9. Nf3 Bg4 10. Be2 Nd7 11. O-O e5 12. Rfd1 Bxf3 13. Bxf3 exd4 14. Bxd4 Ne5 15. Be2 Qh4 16. Qe3 Rfe8 17. g3 Qh3 18. f4 Ng4 19. Bxg4 Qxg4 20. Bxg7 Kxg7 21. Rd6 Re6 22. Qd4+ Kg8 23. Rd8+ Rxd8 24. Qxd8+ Kg7 25. Qd4+ Kg8 26. Qd8+ Kg7 27. Qd4+ 1/2-1/2